Statistics for Leicester City Best Scorer By Year

Click here to take the quiz!

General Stats

  • This quiz has been taken 61 times
    (14 since last reset)
  • The average score is 2 of 18

Answer Stats

Player % Correct
Jamie Vardy
100%
Emile Heskey
33%
Les Ferdinand
25%
Leonardo Ulloa
25%
David Nugent
8%
Andy King
8%
Tony Cottee
0%
Mark Robins
0%
Iwan Roberts
0%
Steve Claridge
0%
Paul Dickov
0%
Ade Akinbiyi
0%
Brian Deane
0%
David Connolly
0%
Iain Hume
0%
Matty Fryatt
0%
Martyn Waghorn
0%
Steve Walsh
0%

Score Distribution

Percentile by Number Answered

Percent of People with Each Score

Your Score History

You have not taken this quiz since the last reset